Television Spin-offs Quiz Stats

 Plays Quiz Updated Oct 16, 2018

Score 0/20 Timer 05:00
2 Plays Today
Original Show Spin-off % Correct
FriendsJoey
83.3%
CheersFrasier; The Tortellis
68.9%
Buffy the Vampire SlayerAngel
68.8%
Grey's AnatomyPrivate Practice; Station 19
59.1%
Happy DaysLaverne & Shirley; Mork & Mindy;Joanie Loves Chachi
50.4%
Laguna Beach: The Real Orange CountyThe Hills
49.1%
All in the FamilyThe Jeffersons; Maude; Archie Bunker's Place
43.5%
The Tracey Ullman ShowThe Simpsons
40.1%
JagNCIS
38.8%
Six Million Dollar ManBionic Woman
38.3%
Original Show Spin-off % Correct
Mary Tyler Moore ShowRhoda; Lou Grant
37%
The Cosby ShowA Different World
35.2%
Good Morning, Miss BlissSaved By the Bell
29.1%
The PracticeBoston Legal
26.8%
M*A*S*HTrapper John, M.D.; AfterMASH
24%
Three's CompanyThe Ropers; Three's a Crowd
23.8%
Diff’rent StrokesThe Facts of Life
22.7%
Beavis and ButtheadDaria
22.5%
DallasKnots Landing
17.4%
SoapBenson
16.4%

You're not logged in!

Compare scores with friends on all Sporcle quizzes.
OR
Log In

Sporcle TV

Today on Sporcle TV


Watch our educational content, quiz creation guides, and fun videos on Sporcle TV.

Show Comments

Extras

Top Quizzes Today


Score Distribution

Your Account Isn't Verified!

In order to create a playlist on Sporcle, you need to verify the email address you used during registration. Go to your Sporcle Settings to finish the process.

Report this User

Report this user for behavior that violates our Community Guidelines.

Details: